| Tag |
First Indicator |
Second Indicator |
Subfields |
| LEADER |
00000cam a2200000 4500 |
| 001 |
in00000341521 |
| 005 |
20151011055541.0 |
| 008 |
740903s1937 nyu 00000 eng |
| 010 |
|
|
|a 37028690
|
| 035 |
|
|
|a (OCoLC)00996507
|
| 035 |
|
|
|9 ABM3449AM
|
| 040 |
|
|
|c KSU
|d TXA
|d UtOrBLW
|
| 049 |
|
|
|a TXAM
|c [1109077]
|
| 050 |
|
0 |
|a PZ3.F8493
|b Lo
|
| 082 |
0 |
|
|a 833.91
|
| 100 |
1 |
|
|a Frank, Bruno,
|d 1887-1945.
|
| 245 |
1 |
0 |
|a Lost heritage /
|c translated by Cyrus Brooks.
|
| 264 |
|
1 |
|a New York :
|b The Viking press,
|c 1937.
|
| 300 |
|
|
|a xiii, 297 pages ;
|c 21 cm.
|
| 336 |
|
|
|a text
|b txt
|2 rdacontent
|
| 337 |
|
|
|a unmediated
|b n
|2 rdamedia
|
| 338 |
|
|
|a volume
|b nc
|2 rdacarrier
|
| 700 |
1 |
|
|a Brooks, C. Harry
|q (Cyrus Harry),
|d 1890-
|
| 999 |
|
|
|a MARS
|
| 999 |
f |
f |
|s 3b394226-1a2f-3529-beeb-054229c63ccf
|i 4e09dd05-857a-3c74-8f35-a6675c5275bf
|t 0
|
| 952 |
f |
f |
|p ric
|a Texas A&M University
|b Rellis Campus
|c Joint Library Facility
|d Remote Storage
|t 0
|e PZ3.F8493 Lo
|h Library of Congress classification
|i unmediated -- volume
|m A14804229116
|
| 998 |
f |
f |
|a PZ3.F8493 Lo
|t 0
|l Remote Storage
|